00453 2200181 4500001002100000005001500021008004100036020002200077035001900099041000700118082001000125090001600135100002200151245003000173260003600203300002300239650000900262INLIS00000000000265220241224112558241224||||||||| | ||| |||| || |  a978-979-22-2969-1 0010-1224002652 aid0 a780.7 a780.7 SAN l0 aSandra L Bernhard00aLes Musik untuk Anak Muda aJakartabGramedia Pustaka Utama a117 hlm;11 x 18 cm 0aSeni